Data mining and predictive analysis : (Record no. 22252)
[ view plain ]
| 000 -LEADER | |
|---|---|
| fixed length control field | 00968cam a22002775a 4500 |
| 001 - CONTROL NUMBER | |
| control field | 18302733 |
| 005 - DATE AND TIME OF LATEST TRANSACTION | |
| control field | 20160828121303.0 |
| 008 - FIXED-LENGTH DATA ELEMENTS--GENERAL INFORMATION | |
| fixed length control field | 140915t2015 maua frb 001 0 eng d |
| 020 ## - INTERNATIONAL STANDARD BOOK NUMBER | |
| International Standard Book Number | 9780128002292 |
| 040 ## - CATALOGING SOURCE | |
| Original cataloging agency | DLC |
| Language of cataloging | eng |
| Transcribing agency | DLC |
| Modifying agency | DLC |
| -- | EG-ScBUE |
| 082 04 - DEWEY DECIMAL CLASSIFICATION NUMBER | |
| Classification number | 363.256 |
| Edition number | 22 |
| Item number | MCC |
| 100 1# - MAIN ENTRY--PERSONAL NAME | |
| Personal name | McCue, Colleen. |
| 9 (RLIN) | 40922 |
| 245 10 - TITLE STATEMENT | |
| Title | Data mining and predictive analysis : |
| Remainder of title | intelligence gathering and crime analysis / |
| Statement of responsibility, etc | Colleen McCue. |
| 250 ## - EDITION STATEMENT | |
| Edition statement | 2nd. ed. |
| 260 ## - PUBLICATION, DISTRIBUTION, ETC. (IMPRINT) | |
| Place of publication, distribution, etc | Waltham : |
| Name of publisher, distributor, etc | Butterworth-Heinemann / Elsevier, |
| Date of publication, distribution, etc | c.2015. |
| 300 ## - PHYSICAL DESCRIPTION | |
| Extent | xxvii, 393 p. : |
| Other physical details | ill. ; |
| Dimensions | 24 cm. |
| 500 ## - GENERAL NOTE | |
| General note | Index : p. 385-393. |
| 504 ## - BIBLIOGRAPHY, ETC. NOTE | |
| Bibliography, etc | Includes bibliographical references. |
| 650 #7 - SUBJECT ADDED ENTRY--TOPICAL TERM | |
| Topical term or geographic name as entry element | Crime analysis. |
| Source of heading or term | BUEsh |
| 9 (RLIN) | 40923 |
| 650 #7 - SUBJECT ADDED ENTRY--TOPICAL TERM | |
| Topical term or geographic name as entry element | Data mining in law enforcement. |
| Source of heading or term | BUEsh |
| 9 (RLIN) | 40924 |
| 650 #0 - SUBJECT ADDED ENTRY--TOPICAL TERM | |
| Topical term or geographic name as entry element | Law enforcement |
| General subdivision | Data processing. |
| Source of heading or term | BUEsh |
| 650 #7 - SUBJECT ADDED ENTRY--TOPICAL TERM | |
| Topical term or geographic name as entry element | Criminal behavior, Prediction of. |
| Source of heading or term | BUEsh |
| 9 (RLIN) | 40925 |
| 651 ## - SUBJECT ADDED ENTRY--GEOGRAPHIC NAME | |
| Source of heading or term | BUEsh |
| 653 ## - INDEX TERM--UNCONTROLLED | |
| Resource For college | Informatics and Computer Science |
| -- | Law |
| Arrived date list | August 2016 |
| 942 ## - ADDED ENTRY ELEMENTS (KOHA) | |
| Source of classification or shelving scheme | Dewey Decimal Classification |
| Withdrawn status | Item status | Source of classification or shelving scheme | Damaged status | Not for loan | Vendor | Home library | Current library | Shelving location | Date acquired | Source of acquisition | Cost, normal purchase price | Serial Enumeration / chronology | Total Checkouts | Total Renewals | Full call number | Barcode | Date last seen | Date last borrowed | Cost, replacement price | Koha item type |
|---|---|---|---|---|---|---|---|---|---|---|---|---|---|---|---|---|---|---|---|---|
| Dewey Decimal Classification | Baccah | Central Library | Central Library | First floor | 28/08/2016 | Purchase | 760.00 | 25137 | 1 | 6 | 363.256 MCC | 000033407 | 15/07/2025 | 16/04/2024 | 950.00 | Book - Borrowing |